000 01378nam a22003737a 4500
003 CHAP
005 20220329134228.0
008 971013s1972 r 00010 d
010 _a17296
011 _a18268
035 _a22353
040 _cCHAP
082 _a631.46
_bJ65
100 0 0 _aJohnson, Leander F.
_961842
245 _aMethods for research on the ecology of soil-borne plant pathogens
260 _aMinneapolis, Minn., :
_bBurgess,
_c1972
300 _a247 p
504 _aBibliografía: pp. 209-236
590 _aBATCH-UPD
_b10
_c20130110
_lUCH01
_h2008
590 _aBATCH-UPD
_b10
_c20130410
_lUCH01
_h1328
590 _aBATCH-UPD
_b10
_c20130914
_lUCH01
_h1413
590 _aCONVERSION
_b10
_c20130109
_lUCH01
_h1311
650 1 4 _aFitopatología.
_941161
650 1 4 _aMicroorganismos
_xEcología.
_975522
650 1 4 _aSuelos
_xMicrobiología.
_9110434
700 0 _aCurl, Elroy A.
_930526
901 _aBK
942 _cLIBRO
949 _a631.46 J65
_bBC
_cLIBRO
_d-57337
_eLIBRO
_fc.3
_h55606
_i22353
_si
_t574.00
949 _a631.46 J65
_bBC
_cLIBRO
_d33724000078317
_eLIBRO
_fc.5
_i22353
_si
_t574.00
949 _a631.46 J65
_bBC
_cLIBRO
_d33724000078325
_eLIBRO
_fc.2
_h45092
_i22353
_si
_t574.00
949 _a631.46 J65
_bBC
_cLIBRO
_d33724000078333
_eLIBRO
_h42158
_i22353
_si
_t574.00
949 _a631.46 J65
_bBC
_cLIBRO
_d33724000078341
_eLIBRO
_fc.4
_h55607
_i22353
_si
_t574.00
999 _c17296
_d17296